1032 1238 1731 1366 1894 1272 1783 1150 1743 1601 1571 1053 1019 1997 1223 1864 1478 1744 1914 1579 1946 1782 1373 1988 1775 1584 1468 1982 1272 1743 1954 1752 1708 1642 1606 1428 1071 1279 1141 1560 1856 1261 1781 1811 1221 1548 1159 1607 1795 1489 1469 1952 1127 1985 1498 1185 1688 1677 1690 1521 1041 1085 1369 1068 1942 1565 1475 1951 1749 1872 1479 1601 1503 1636 1766 1102 1227 1007 1881 1761 1635 1232 1843 1713 1117 1838 1640 1764 1716 1335 1557 1288 1626 1380 1372 1328 1465 1116 1742 BCNSPRNW ULIB Ver.6.0+V

เปลี่ยนเป็นภาษาไทย

Change to English
 แสดงรายละเอียดบรรณานุกรม
  กลับหน้าหลัก

Brief Record : Get Marc (ISO 2709) : E-mail record : QR code < ปิดหน้าต่าง
LEADER : 00000nam 2200000uu 4500
001    13399123599
003     ULIB
008    120228s2556||||th 000 0 tha d
020    ^a9749245407
020    9789749245407
060 04 ^aWY150^bร765ค
099    ^aเรณู อาจสาลี
245 10 ^aคำศัพท์การพยาบาลผู้ใหญ่ /^cเรณู อาจสาลี
250    ^aพิมพ์ครั้งที่ 6 (ปรับปรุงครั้งที่3)
260    ^aกรุงเทพฯ :^bคณะพยาบาลศาสตร์ มหาวิทยาลัยมหิดล,^c2553
300    ^a212หน้า
650  7 ^aการพยาบาลผู้ใหญ่^xคำศัพท์
710 2  ^aมหาวิทยาลัยมหิดล^bคณะพยาบาลศาสตร์
945    ^p60^l0^i21462
945    ^p60^l0^i21463
945    ^p60^l0^i21464
945    ^p60^l0^i21465
945    ^p60^l0^i21466
995  ก ทศพร
999    ^aใช้งานได้ทุกระบบ
รายการนี้ยังไม่มีแท็ก
คุณยังไม่ได้ล็อกอิน คุณสามารถมีกิจกรรมร่วมกับเว็บไซต์ได้ แต่ต้องล็อกอินก่อน ::
  ล็อกอิน

รายการสื่อสารสนเทศ

ลำดับที่ ประเภท เลขเรียก/บาร์โค้ด สถานที่ สถานะ
- ไม่พบข้อมูล -

BibComment


ยังไม่เคยถูกคอมเมนท์

คอมเมนท์ทรัพยากรรายการนี้
  คอมเมนท์: คำศัพท์การพยาบาล..


 Copyright 2026. Bcnsprnw @Library